000 00443nam a2200181Ia 4500
001 1253
005 20260306140618.0
008 260306t1984||||xx |||||||||||||| ||spa||
041 _aESP
082 _a190
_bC25
100 _aCanals Vidal, F.
_eAUT
245 0 _aTextos de los grandes filósofos:
_bedad contemporánea
260 _c1984
300 _a288 páginas :
_c22 cm.
650 _aGEN
654 _aCHU
942 _cLIB
_dJUS
_fJUS
_2ddc
_n
999 _c1253
_d1253